Effet de difere`rents engrais liquides sur la culture de laitue a` l'universite` royale d'agriculture. (Record no. 1570)
[ view plain ]
| 000 -LEADER | |
|---|---|
| fixed length control field | 00465nam a22001577a 4500 |
| 003 - CONTROL NUMBER IDENTIFIER | |
| control field | OSt |
| 005 - DATE AND TIME OF LATEST TRANSACTION | |
| control field | 20241206182335.0 |
| 008 - FIXED-LENGTH DATA ELEMENTS--GENERAL INFORMATION | |
| fixed length control field | 151001b xxu||||| |||| 00| 0 eng d |
| 040 ## - CATALOGING SOURCE | |
| Transcribing agency | RUA |
| 082 ## - DEWEY DECIMAL CLASSIFICATION NUMBER | |
| Classification number | AGR SOU 2005 B062 Or.1 |
| 100 ## - MAIN ENTRY--PERSONAL NAME | |
| 9 (RLIN) | 17433 |
| Personal name | SOUK SOPHORN, |
| 245 ## - TITLE STATEMENT | |
| Title | Effet de difere`rents engrais liquides sur la culture de laitue a` l'universite` royale d'agriculture. |
| 260 ## - PUBLICATION, DISTRIBUTION, ETC. (IMPRINT) | |
| Place of publication, distribution, etc. | phnom phen |
| Name of publisher, distributor, etc. | RUA |
| Date of publication, distribution, etc. | 2005 |
| 300 ## - PHYSICAL DESCRIPTION | |
| Extent | 40p. |
| Other physical details | ill. |
| Dimensions | 29cm. |
| 942 ## - ADDED ENTRY ELEMENTS (KOHA) | |
| Source of classification or shelving scheme | |
| Koha item type | AGR |
| Price effective from | Date last seen | Permanent Location | Not for loan | Date acquired | Source of classification or shelving scheme | Koha item type | Lost status | Withdrawn status | Date last checked out | Total Checkouts | Shelving location | Damaged status | Barcode | Current Location | Full call number |
|---|---|---|---|---|---|---|---|---|---|---|---|---|---|---|---|
| 2015-10-01 | 2015-10-01 | Library Block B | 2015-10-01 | AGR | B062 | A081186 | Library Block B | AGR SOU 2005 B062 Or.1 | |||||||
| 2015-10-01 | 2015-10-01 | Library Block B | 2015-10-01 | AGR | B062 | A081691 | Library Block B | AGR SOU 2005 B062 Or.2 | |||||||
| 2015-10-01 | 2015-10-01 | Library Block B | 2015-10-01 | AGR | B062 | A081174 | Library Block B | AGR SOU 2005 B062 Or.3 | |||||||
| 2015-10-01 | 2015-10-01 | Library Block B | 2015-10-01 | AGR | B062 | A081178 | Library Block B | AGR SOU 2005 B062 Or.4 | |||||||
| 2015-10-01 | 2024-12-06 | Library Block B | 2015-10-01 | AGR | 2024-12-06 | 1 | B062 | A081997 | Library Block B | AGR SOU 2005 B062 Or.5 | |||||
| 2015-10-01 | 2015-10-01 | Library Block B | 2015-10-01 | AGR | B062 | RUA003323 | Library Block B | AGR SOU 2005 B062 Or.6 |